000 00287nam a2200121Ia 4500
100 _aSingh/ R.P.
942 _cBK
654 _aPhysics
245 _aIntroduction to Modern Physics
260 _bNew Age Int (P) Ltd & wiley
_aNew Delhi
_c2002
082 _a539
_bSIN
546 _aENGLISH
999 _c26328
_d26328